000 00389nam a2200157Ia 4500
008 240729s9999 xx 000 0 und d
022 _a2589-8450
245 0 _aSurgery Open Science
260 _aUnited States
260 _bElsevier
650 _a Surgery
650 _aMedicine
856 _uhttps://doaj.org/toc/99bc47d763524a95967693692b035566
942 _2ddc
942 _cDOAJEJ
999 _c71925
_d71925
945 _a1
_bMadushi Gamage
_c1
_dMadushi Gamage